000 00485nam a22001577a 4500
003 LK-CoMWRAF
005 20230911204953.0
008 230911b |||||||| |||| 00| 0 eng d
040 _aLK-CoMWRAF
_dLK-CoMWRAF
_eLK-CoMWRAF
041 _aeng
082 _a362.83
_bBER
245 _aThe Bereft women of the East :
_bMicro enterprises : The difference between survival and living
260 _aColombo :
_bMuslim Women's research and action forum,
650 _aBereft women
942 _cBK
999 _c3542
_d3542